Top 10 Biggest Towns in Mali - Statistics

General Stats
  • This quiz has been taken 3 times
  • The average score is 5 of 10
Answer Stats
Hint Answer % Correct
The capital city Bamako
100%
This town was the capital of the Songhai Empire Gao
67%
This place lies between the crossing of the Niger and Bani rivers Mopti
67%
Capital of the Bambara Kingdom Segou
67%
This place was founded by Mansa Douala Sikasso
67%
Camp Gallieni was built here Kati
33%
Félou Falls is 15 km from this place Kayes
33%
Nakunte Diarra is from here Kolokani
33%
It is sometimes called the "white gold capital" in Mali Koutiala
33%
This town has won an Aga Khan award, along with another city in Mali Niono
33%
No matching quizzes found
Score Distribution
Percent of People with Each Score
Percentile by Number Answered
Your Score History
You have not taken this quiz